• 首页
  • 本馆介绍
  • 公告通知
  • 最新文献
  • 馆藏检索
  • 电子资源
  • 读者导购
  • 参考咨询
  • 我的图书馆
  • 登录
  • 详细信息显示
  • 放入我的书架
  • 预约/预借图书
  • 作者相关作品
  • 分类相关作品
  • 丛书相关作品
  • 出版社相关作品

书目信息

  • 表格格式
  • 工作单格式
  • 卡片格式
题名:
非均匀光波导
    
 
作者: 索达 , SAoehaS , Ghatak , 加塔克 著 ;连汉雄 , 焦其祥 译
分册:  
出版信息: 北京   人民邮电出版社  1982
页数: 302页
开本: 19cm
丛书名:
单 册:
中图分类: TN814
科图分类:
主题词: 不均匀波导
电子资源:
ISBN:
000 00964nam0 2200313 45
001 0182006778
005 20060725172057.28
010    @d¥1.05
091    @aCN@b15045.总2536-无6162
100    @a19950324d1982 em y0chiy0121 ea
101 1  @achi@ceng
102    @aCN@b110000
105    @ay z 000yy
200 10 @a非均匀光波导@Afei jun yun guang bo dao@f(印度)索达(M.S. Sodha),(印度)加塔克(A.K. Ghatak)著@g连汉雄,焦其祥译
210    @a北京@c人民邮电出版社@d1982
215    @a302页@d19cm
300    @a书名原文:Inhomogeneous optical waveguides
510 1  @aInhomogeneous optical waveguides@zeng
606    @a不均匀波导
690    @aTN814@v3 
701  1 @a索达@Asuo da@4著@bM.S.
701 A1 @aSAoehaS@bM.S.@4著
701 A1 @aGhatak@bA.K@4著
701  1 @a加塔克@Ajia ta ke@4著@bA.K.
702  0 @a连汉雄@Alian han xiong@4译
702  0 @a焦其祥@Ajiao qi xiang@4译
801  2 @aCN@bNLC@c20060725
801  0 @aCN@bTSSF
905    @a10447@dTN814@e28
    
    非均匀光波导/(印度)索达(M.S. Sodha),(印度)加塔克(A.K. Ghatak)著/连汉雄,焦其祥译.-北京:人民邮电出版社,1982
    302页;19cm
    书名原文:Inhomogeneous optical waveguides
    
    ISBN :¥1.05
    
●
相关链接 在E读中查询图书 在五车中查询图书 在当当中查询图书 在豆瓣中查询图书


正题名:非均匀光波导     索取号:TN814/28         预约/预借

序号 登录号 条形码 馆藏地/架位号 状态 备注
1 0438438   204384380   密集书库/ [索取号:TN814/28] 在馆    
唐山师范学院图书馆 欢迎您!
大连网信软件有限公司© 版权所有